[Event "SR 4. liga A21 2011/2012"]
[Site "?"]
[Date "2012.02.26"]
[Round "10.2"]
[White "Kubis, Ivan"]
[Black "Pericka, Pavol"]
[Result "1-0"]
[WhiteElo "2002"]
[BlackElo "1743"]
[PlyCount "29"]
[EventDate "2011.??.??"]

1. e4 e5 2. Nf3 Nc6 3. Bb5 Nf6 4. O-O a6 5. Bxc6 dxc6 6. Nxe5 Nxe4 7. Re1 Qd4
8. Qf3 f5 9. Nd3 Be7 10. Nc3 Nxc3 11. dxc3 Qf6 12. Qe2 g5 13. Be3 Qe6 14. Bc5
Bxc5 15. Qh5+ 1-0

[Event "SR 4. liga A21 2011/2012"]
[Site "?"]
[Date "2012.02.26"]
[Round "10.2"]
[White "Sadlon, Juraj"]
[Black "Planka, Peter"]
[Result "0-1"]
[WhiteElo "1860"]
[BlackElo "1831"]
[PlyCount "80"]
[EventDate "2011.??.??"]

1. e4 e5 2. Nf3 Nc6 3. Bb5 a6 4. Ba4 Nf6 5. O-O Be7 6. c3 b5 7. Bc2 O-O 8. d3
d6 9. h3 Re8 10. Nbd2 g6 11. Re1 Bf8 12. Nf1 Bg7 13. Bg5 Bd7 14. Qd2 Qc8 15.
N3h2 Nd8 16. Bh6 c5 17. Bxg7 Kxg7 18. Bb3 Be6 19. Bxe6 Nxe6 20. Ne3 Nf4 21.
Nhg4 Nxg4 22. hxg4 Qd8 23. g3 Ne6 24. Nd5 Rh8 25. Kg2 Qg5 26. Qxg5 Nxg5 27. b3
h5 28. gxh5 Rxh5 29. Rh1 Rxh1 30. Rxh1 Ne6 31. Kf3 Ra7 32. Ke3 Nc7 33. Nxc7
Rxc7 34. c4 b4 35. f4 a5 36. g4 Ra7 37. g5 a4 38. bxa4 Rxa4 39. Ra1 Ra3 40. Kd2
exf4 0-1

[Event "SR 4. liga A21 2011/2012"]
[Site "?"]
[Date "2012.02.26"]
[Round "10.2"]
[White "Vach, Jozef"]
[Black "Sadlon, Matus"]
[Result "1-0"]
[WhiteElo "1861"]
[BlackElo "1608"]
[PlyCount "73"]
[EventDate "2011.??.??"]

1. e4 e6 2. d4 d5 3. Nd2 c5 4. c3 Qb6 5. Ne2 Nc6 6. exd5 exd5 7. Nb3 c4 8. Nd2
Bd6 9. g3 Nf6 10. Bg2 Bf5 11. O-O O-O-O 12. Re1 Qc7 13. Nf1 Qd7 14. Bf4 Be4 15.
f3 Bf5 16. Bxd6 Qxd6 17. Qa4 Rhe8 18. Nf4 Kb8 19. Ne3 Bd7 20. Qc2 Re7 21. Re2
Rde8 22. Rae1 g6 23. b3 cxb3 24. axb3 h5 25. Kf2 Rc8 26. Nd3 Nxd4 27. Qb2 Nxe2
28. Rxe2 Rce8 29. Bf1 Qb6 30. Qc1 Qxb3 31. Rb2 Qa3 32. Rxb7+ Kxb7 33. Qxa3 Rxe3
34. Nc5+ Kb6 35. Nxd7+ Nxd7 36. Qd6+ Ka5 37. Qa6# 1-0

[Event "SR 4. liga A21 2011/2012"]
[Site "?"]
[Date "2012.02.26"]
[Round "10.3"]
[White "Bardik, Jozef"]
[Black "Cerovsky, Marian"]
[Result "1-0"]
[WhiteElo "1833"]
[BlackElo "1733"]
[PlyCount "69"]
[EventDate "2011.??.??"]

1. d4 d5 2. c4 Nf6 3. Nc3 c6 4. e3 e6 5. Nf3 Nbd7 6. Bd2 Be7 7. c5 b6 8. b4 Bb7
9. Bd3 Qc7 10. O-O O-O 11. Qc2 a5 12. a3 axb4 13. axb4 b5 14. h3 e5 15. Bf5 e4
16. Nh2 g6 17. Bg4 Nxg4 18. Nxg4 h5 19. Nh2 Nf6 20. f3 exf3 21. Rxa8 Rxa8 22.
Nxf3 Nd7 23. e4 dxe4 24. Nxe4 f5 25. Neg5 Nf6 26. Ne5 Qd8 27. Nxg6 Bc8 28.
Nxe7+ Qxe7 29. Re1 Qd8 30. Qb3+ Nd5 31. Qg3 f4 32. Bxf4 Nxf4 33. Qxf4 Qf8 34.
Qc7 Qg7 35. Re8+ 1-0

[Event "SR 4. liga A21 2011/2012"]
[Site "?"]
[Date "2012.02.26"]
[Round "10.3"]
[White "Damborsky, Pavol"]
[Black "Nedorost, Lubomir"]
[Result "1/2-1/2"]
[WhiteElo "1769"]
[BlackElo "1667"]
[PlyCount "83"]
[EventDate "2011.??.??"]

1. c4 f5 2. Nc3 Nf6 3. e3 e6 4. Nf3 Be7 5. h3 c6 6. b3 d5 7. cxd5 cxd5 8. d4
Nc6 9. Bb5 Bb4 10. Bd2 Qa5 11. Bxc6+ bxc6 12. Qc2 O-O 13. O-O Ba6 14. Rfd1 Rac8
15. Na4 Ne4 16. Bxb4 Qxb4 17. Ne5 Bb5 18. Nd7 Rf7 19. Ndc5 Re8 20. Nxe4 fxe4
21. Nc5 Rf6 22. a4 Bd3 23. Nxd3 exd3 24. Rxd3 Qd6 25. Rc1 Rc8 26. Rc3 e5 27.
dxe5 Qxe5 28. b4 d4 29. Rc5 Qd6 30. Qc4+ Kh8 31. Qxd4 Qf8 32. e4 Rd6 33. Qe3
Rcd8 34. Rxc6 Rd3 35. Qxa7 h6 36. b5 Rd1+ 37. Rxd1 Rxd1+ 38. Kh2 Qf4+ 39. g3
Qf3 40. Rxh6+ gxh6 41. Qb8+ Kg7 42. Qe5+ 1/2-1/2

[Event "SR 4. liga A21 2011/2012"]
[Site "?"]
[Date "2012.02.26"]
[Round "10.3"]
[White "Kovarik, Oto"]
[Black "Orvisky, Vladimir"]
[Result "1-0"]
[WhiteElo "2018"]
[BlackElo "1838"]
[PlyCount "56"]
[EventDate "2011.??.??"]

1. e4 Nf6 2. Nc3 e5 3. Nf3 Nc6 4. Bc4 Be7 5. O-O d6 6. h3 h6 7. d4 exd4 8. Nxd4
Nxd4 9. Qxd4 O-O 10. Be3 Nd7 11. f4 c6 12. a4 Qc7 13. Qd2 Re8 14. Rae1 Nf8 15.
f5 b6 16. Qf2 Nd7 17. Qg3 Kf8 18. Bf4 Qd8 19. Rd1 Nf6 20. Qd3 Bb7 21. Rfe1 d5
22. exd5 Bc5+ 23. Kh1 Rxe1+ 24. Rxe1 cxd5 25. Bb3 d4 26. Nb5 a6 27. Nc7 Bd6 28.
Qxd4 Qxc7 {cas} 1-0

[Event "SR 4. liga A21 2011/2012"]
[Site "?"]
[Date "2012.02.26"]
[Round "10.3"]
[White "Sedlak, Rastislav"]
[Black "Dubecky, Ladislav"]
[Result "0-1"]
[WhiteElo "1610"]
[BlackElo "1574"]
[PlyCount "98"]
[EventDate "2011.??.??"]

1. e4 e5 2. Nf3 d6 3. Bc4 Nf6 4. Ng5 d5 5. exd5 Bd6 6. O-O O-O 7. d3 Bg4 8. Qd2
Nbd7 9. Nc3 a6 10. h3 Bh5 11. Re1 Nb6 12. Bb3 Qd7 13. d4 Rae8 14. Qd3 Bg6 15.
Qd1 e4 16. h4 Bf5 17. f3 Bg3 18. Re2 exf3 19. Nxf3 Nfxd5 20. Nxd5 Nxd5 21. c4
Nf4 22. Bxf4 Bxf4 23. Ba4 b5 24. Bc2 Rxe2 25. Bxf5 Rxg2+ 26. Kxg2 Qxf5 27. Qe2
Qg4+ 28. Kf1 Qd7 29. cxb5 axb5 30. Qe4 Bd6 31. Re1 h6 32. Re2 Qe6 33. d5 Qd7
34. Kg2 b4 35. Nd4 g6 36. Nc6 Ra8 37. b3 Kf8 38. Qd4 Kg8 39. Nxb4 Qb5 40. Re4
Bxb4 41. Qxb4 Rxa2+ 42. Kf3 Qf1+ 43. Ke3 Re2+ 44. Kd4 Qf6+ 45. Kc5 Qd6+ 46. Kb5
Qxd5+ 47. Ka6 Ra2+ 48. Qa4 Rxa4+ 49. Rxa4 Qxb3 0-1

[Event "SR 4. liga A21 2011/2012"]
[Site "?"]
[Date "2012.02.26"]
[Round "10.3"]
[White "Sprusansky, Ferdinand"]
[Black "Oravec, Pavol"]
[Result "0-1"]
[WhiteElo "1445"]
[BlackElo "1528"]
[PlyCount "86"]
[EventDate "2011.??.??"]

1. e4 e6 2. Nc3 d5 3. d4 Nf6 4. e5 Nfd7 5. Nf3 c5 6. b3 Nc6 7. Bb5 Qa5 8. Bxc6
bxc6 9. Bd2 Qc7 10. O-O cxd4 11. Nxd4 Nxe5 12. Bf4 Bd6 13. Re1 Ng6 14. Bxd6
Qxd6 15. Nf3 O-O 16. a4 e5 17. h3 Qc5 18. Qd2 Re8 19. Rad1 Bb7 20. Ne2 Rad8 21.
Qc3 Qb6 22. Ng3 Qc7 23. Qc5 Bc8 24. c4 Qb6 25. Qxb6 axb6 26. cxd5 cxd5 27. b4
d4 28. Ne4 Bb7 29. a5 Bxe4 30. Rxe4 bxa5 31. bxa5 Ra8 32. Ra1 f6 33. g3 Rec8
34. Nd2 Rc2 35. Nb3 Rb8 36. Rb1 Rc3 37. Nd2 Rxb1+ 38. Nxb1 Rc1+ 39. Kg2 Rxb1
40. Kf3 Ra1 41. Re2 Rxa5 42. Rd2 f5 43. Ke2 Ra3 0-1

[Event "SR 4. liga A21 2011/2012"]
[Site "?"]
[Date "2012.02.26"]
[Round "10.4"]
[White "Berger, Patrik"]
[Black "Jablonicky, Martin"]
[Result "0-1"]
[WhiteElo "1731"]
[BlackElo "1757"]
[PlyCount "96"]
[EventDate "2011.??.??"]

1. e4 e5 2. Nf3 Nc6 3. Bb5 Nf6 4. O-O Nxe4 5. Re1 Nf6 6. Nxe5 Nxe5 7. Rxe5+ Be7
8. d4 c6 9. Bd3 O-O 10. c4 d6 11. Re1 d5 12. c5 Re8 13. Bf4 Bf8 14. Nd2 g6 15.
Bg5 Bg7 16. Qf3 Be6 17. Qg3 h6 18. Bxf6 Qxf6 19. Nf3 Bf5 20. Ne5 Bxd3 21. Qxd3
Qg5 22. Nf3 Qf4 23. g3 Qc7 24. Re3 f5 25. Rae1 Re4 26. Qd2 Rf8 27. Ne5 Bxe5 28.
dxe5 Qxe5 29. Rxe4 fxe4 30. Qxh6 Qf5 31. Qd2 Rf7 32. Qe3 Qe5 33. Re2 g5 34. f3
Qf5 35. g4 Qxf3 36. Qxg5+ Rg7 37. Qd8+ Qf8 38. Qxf8+ Kxf8 39. h3 Ke7 40. Kf2
Ke6 41. Kg3 Ke5 42. h4 d4 43. h5 d3 44. Rh2 e3 45. h6 e2 46. hxg7 e1=Q+ 47. Rf2
Qg1+ 48. Kf3 Qh1+ 0-1

[Event "SR 4. liga A21 2011/2012"]
[Site "?"]
[Date "2012.02.26"]
[Round "10.4"]
[White "Jarabek, Milan"]
[Black "Rau, Vladimir"]
[Result "1/2-1/2"]
[WhiteElo "1552"]
[BlackElo "1643"]
[PlyCount "138"]
[EventDate "2011.??.??"]

1. e4 c6 2. d4 d5 3. Nc3 dxe4 4. Nxe4 Bf5 5. Ng3 Bg6 6. h4 h6 7. h5 Bh7 8. Nf3
Nd7 9. Bd3 Bxd3 10. Qxd3 Qc7 11. Bd2 e6 12. O-O-O Ngf6 13. Rde1 O-O-O 14. Qe2
Bd6 15. Ne5 Rhf8 16. f4 Qb6 17. Be3 Nd5 18. c4 Nxe3 19. Qxe3 Be7 20. Ne4 Nxe5
21. dxe5 Qa5 22. a3 Kb8 23. Rd1 Qa4 24. Qc3 b5 25. Rd2 Rxd2 26. Nxd2 Rd8 27.
Qb3 Qxb3 28. Nxb3 bxc4 29. Na5 Kc7 30. Rd1 Rd5 31. Nxc4 f6 32. exf6 Bxf6 33. g4
Rd4 34. Rxd4 Bxd4 35. Kc2 c5 36. Kd3 Kc6 37. a4 Kd5 38. b3 Bf6 39. Ne3+ Kd6 40.
Ke4 Bd4 41. Nc4+ Ke7 42. Ne5 Kd6 43. Nf3 Ba1 44. g5 Kc6 45. gxh6 gxh6 46. f5
exf5+ 47. Kxf5 Bb2 48. Kg6 Bc1 49. Ne5+ Kb6 50. Nf7 Ka5 51. Nxh6 Kb4 52. Nf7
Kxb3 53. Ng5 Kxa4 54. h6 c4 55. h7 Bb2 56. Ne6 Bh8 57. Kf7 c3 58. Kg8 c2 59.
Kxh8 c1=Q 60. Kg8 Qc8+ 61. Nf8 Qg4+ 62. Kf7 Qf5+ 63. Kg7 Qxh7+ 64. Kxh7 Kb3 65.
Ne6 a5 66. Nc5+ Kb4 67. Nd3+ Kc4 68. Nb2+ Kb3 69. Nd3 Kc3 1/2-1/2

[Event "SR 4. liga A21 2011/2012"]
[Site "?"]
[Date "2012.02.26"]
[Round "10.4"]
[White "Kavon, Rastislav"]
[Black "Brisudova, Veronika"]
[Result "1-0"]
[WhiteElo "1879"]
[BlackElo "1864"]
[PlyCount "65"]
[EventDate "2011.??.??"]

1. e4 c5 2. Nf3 d6 3. d4 cxd4 4. Nxd4 Nf6 5. Nc3 a6 6. Be3 e5 7. Nb3 Be6 8. f3
Be7 9. Qd2 O-O 10. O-O-O b5 11. g4 b4 12. Na4 Nbd7 13. h4 Qc7 14. Qxb4 Rfc8 15.
Qd2 Bxg4 16. fxg4 Nxe4 17. Qg2 Ng3 18. Rh2 Nxf1 19. Qxf1 Qc6 20. Nc3 a5 21. Qg2
Qa6 22. Nd5 Bf8 23. Qe4 a4 24. Nd2 Rab8 25. Nf3 a3 26. b3 Rxb3 27. axb3 a2 28.
Kb2 Ra8 29. Qa4 Qb7 30. Qc4 g6 31. Ng5 Nc5 32. Bxc5 dxc5 33. Rf2 1-0

[Event "SR 4. liga A21 2011/2012"]
[Site "?"]
[Date "2012.02.26"]
[Round "10.4"]
[White "Lezovic, Martin"]
[Black "Harasta, Juraj"]
[Result "1-0"]
[WhiteElo "1658"]
[BlackElo "1719"]
[PlyCount "55"]
[EventDate "2011.??.??"]

1. e4 e5 2. Nf3 Nc6 3. Bc4 Bc5 4. c3 Nf6 5. d3 O-O 6. Be3 Bb6 7. b4 d5 8. exd5
Nxd5 9. Bxb6 axb6 10. Qe2 Bf5 11. O-O Nf4 12. Qe3 Qf6 13. d4 Qg6 14. Nh4 Qg5
15. g3 Nh3+ 16. Kg2 Bd7 17. Nf3 Qxe3 18. fxe3 exd4 19. exd4 Rae8 20. Nbd2 Kh8
21. Rae1 f6 22. d5 Nd8 23. Nd4 c6 24. Ne6 Bxe6 25. dxe6 Nxe6 26. Rxe6 Ng5 27.
Rxe8 Rxe8 28. Nf3 1-0

[Event "SR 4. liga A21 2011/2012"]
[Site "?"]
[Date "2012.02.26"]
[Round "10.4"]
[White "Sahidi, Samir"]
[Black "Harasta, Marian"]
[Result "1/2-1/2"]
[WhiteElo "1449"]
[BlackElo "1639"]
[PlyCount "129"]
[EventDate "2011.??.??"]

1. e4 c5 2. Nf3 Nc6 3. c3 d6 4. d4 Bg4 5. Bb5 Qb6 6. Bxc6+ bxc6 7. dxc5 Qxc5 8.
Be3 Qb5 9. Qe2 Qb7 10. b3 g6 11. Bd4 e5 12. Be3 Nf6 13. Nbd2 Be7 14. h3 Be6 15.
Bh6 Bf8 16. Bxf8 Kxf8 17. O-O c5 18. c4 Kg7 19. Rfe1 Rad8 20. Nf1 a5 21. Rab1
Qd7 22. a4 Nh5 23. Ng5 Nf4 24. Nxe6+ Nxe6 25. Ne3 Nd4 26. Qg4 Qxg4 27. hxg4 Rb8
28. Red1 Rhd8 29. Rd3 Rb4 30. Nd5 Rb7 31. g5 Rdb8 32. Nf6 h6 33. Nd5 Rxb3 34.
Rbxb3 Rxb3 35. Rxb3 Nxb3 36. gxh6+ Kxh6 37. Nb6 Nd2 38. f3 f5 39. exf5 gxf5 40.
Kf2 e4 41. fxe4 Nxe4+ 42. Ke3 Kg6 43. Kf4 Kf6 44. g4 Nd2 45. gxf5 Ke7 46. Kg5
Ne4+ 47. Kg6 Kf8 48. Nc8 d5 49. Nb6 d4 50. Nd5 d3 51. Ne3 d2 52. Nd1 Nd6 53.
Kf6 Nxc4 54. Ke6 Nb6 55. Kd6 Nxa4 56. Kd5 Kg7 57. Kc4 Kf6 58. Kb5 Nb6 59. Kxc5
a4 60. Kb4 Kxf5 61. Kc3 a3 62. Kxd2 Nc4+ 63. Kc3 a2 64. Ne3+ Nxe3 65. Kb2
1/2-1/2

[Event "SR 4. liga A21 2011/2012"]
[Site "?"]
[Date "2012.02.26"]
[Round "10.5"]
[White "Baumgartner, Milan"]
[Black "Beran, Jan st"]
[Result "0-1"]
[WhiteElo "1592"]
[BlackElo "1712"]
[PlyCount "53"]
[EventDate "2011.??.??"]

1. c4 e6 2. Nc3 Nf6 3. e4 Nc6 4. d4 d6 5. Bg5 Be7 6. Bxf6 Bxf6 7. Nf3 O-O 8.
Be2 Re8 9. O-O a6 10. Qd3 g6 11. a3 Bd7 12. Bd1 e5 13. d5 Ne7 14. Bc2 Bg7 15.
Qe3 f5 16. exf5 Nxf5 17. Bxf5 Bxf5 18. Nd2 Re7 19. Nde4 Qf8 20. Qg3 Rae8 21.
Qh4 Bd7 22. f4 Rf7 23. fxe5 Bxe5 24. Rxf7 Qxf7 25. Qf2 Rf8 26. Qxf7+ Rxf7 27.
Rf1 0-1

[Event "SR 4. liga A21 2011/2012"]
[Site "?"]
[Date "2012.02.26"]
[Round "10.5"]
[White "Palka, Martin"]
[Black "Hrubsa, Marian"]
[Result "1/2-1/2"]
[WhiteElo "1876"]
[BlackElo "1929"]
[PlyCount "89"]
[EventDate "2011.??.??"]

1. e4 e6 2. d4 d5 3. Nd2 Nf6 4. e5 Nfd7 5. Bd3 c5 6. c3 Nc6 7. Ne2 cxd4 8. cxd4
f6 9. exf6 Nxf6 10. Nf3 Bd6 11. O-O O-O 12. Bf4 Bxf4 13. Nxf4 Ne4 14. Ne2 Rxf3
15. Bxe4 dxe4 16. gxf3 exf3 17. Ng3 Nxd4 18. Re1 Qh4 19. Re3 Bd7 20. Rc1 Bc6
21. Rc5 g6 22. Qf1 Rd8 23. h3 Nf5 24. Nxf5 gxf5 25. Kh2 Qf4+ 26. Kh1 Rd7 27.
Rxe6 Rg7 28. Rexc6 bxc6 29. Qc4+ Qxc4 30. Rxc4 Rg2 31. Rxc6 Rxf2 32. Rc8+ Kf7
33. Rc7+ Kg6 34. Rxa7 Kg5 35. b4 Kf4 36. Rxh7 Rxa2 37. Kg1 Rb2 38. Kf1 Kg3 39.
Rg7+ Kxh3 40. Rg5 Rxb4 41. Rxf5 Kg3 42. Rg5+ Kf4 43. Rg8 Rb1+ 44. Kf2 Rb2+ 45.
Kf1 1/2-1/2

[Event "SR 4. liga A21 2011/2012"]
[Site "?"]
[Date "2012.02.26"]
[Round "10.5"]
[White "Tokos, Rastislav"]
[Black "Kubik, Peter"]
[Result "0-1"]
[WhiteElo "1883"]
[BlackElo "1668"]
[PlyCount "86"]
[EventDate "2011.??.??"]

1. e4 e5 2. Nf3 Nc6 3. Bb5 Nf6 4. O-O Nxe4 5. Re1 Nd6 6. Bxc6 dxc6 7. Rxe5+ Be7
8. Qe1 Be6 9. Nd4 Bd5 10. Nc3 Nc4 11. Re2 Qd7 12. Nxd5 cxd5 13. d3 Nd6 14. Bf4
Nc8 15. Qd2 O-O 16. Rae1 Bf6 17. Be5 Bxe5 18. Rxe5 c6 19. Qf4 Nd6 20. Re7 Rae8
21. Rxe8 Rxe8 22. Rxe8+ Qxe8 23. Kf1 Qd8 24. Qe5 Kf8 25. Nf5 Nxf5 26. Qxf5 h6
27. Ke2 g6 28. Qf4 Kg7 29. Qe5+ Qf6 30. d4 Qxe5+ 31. dxe5 g5 32. b4 f6 33.
exf6+ Kxf6 34. Ke3 Ke5 35. c3 b6 36. g4 a5 37. bxa5 bxa5 38. a4 c5 39. f4+
gxf4+ 40. Kf3 d4 41. c4 d3 42. h4 Kd4 43. h5 Kc3 0-1

[Event "SR 4. liga A21 2011/2012"]
[Site "?"]
[Date "2012.02.26"]
[Round "10.5"]
[White "Vepy, Ivan"]
[Black "Lanik, Miroslav"]
[Result "1-0"]
[WhiteElo "1948"]
[BlackElo "1936"]
[PlyCount "97"]
[EventDate "2011.??.??"]

1. e4 c5 2. f4 d6 3. Nc3 Nc6 4. Nf3 Nf6 5. Bb5 Bd7 6. O-O e6 7. Kh1 a6 8. Be2
Be7 9. d3 Qc7 10. Qe1 O-O 11. Bd1 b5 12. Ne2 Rac8 13. Ng3 Nd4 14. Be3 Nxf3 15.
Bxf3 Bc6 16. Qd2 Nd7 17. Rae1 Rfe8 18. Nh5 g6 19. Ng3 Bf8 20. f5 exf5 21. exf5
Bxf3 22. Rxf3 Ne5 23. Rff1 Ng4 24. Bg1 Bg7 25. h3 Nf6 26. c3 d5 27. Bh2 Qc6 28.
Qf4 Rxe1 29. Rxe1 Re8 30. Rf1 Re7 31. Qg5 h6 32. Qf4 g5 33. Qf3 Qe8 34. Bg1 Qc8
35. Nh5 Nxh5 36. Qxh5 f6 37. Qf3 Re5 38. Bh2 Re7 39. Bd6 Rd7 40. Qxd5+ Kh7 41.
Qe6 Rd8 42. Bxc5 Rxd3 43. Bd4 Rd2 44. Qf7 Qa8 45. Rf3 Rd1+ 46. Kh2 Qb8+ 47. g3
Qd6 48. Qg6+ Kg8 49. Re3 1-0

[Event "SR 4. liga A21 2011/2012"]
[Site "?"]
[Date "2012.02.26"]
[Round "10.5"]
[White "Vogl, Zdenek"]
[Black "Beran, Jan ml"]
[Result "1-0"]
[WhiteElo "1928"]
[BlackElo "1881"]
[PlyCount "79"]
[EventDate "2011.??.??"]

1. e4 c5 2. Nf3 Nc6 3. d4 cxd4 4. Nxd4 e5 5. Nb5 a6 6. Nd6+ Bxd6 7. Qxd6 Qf6 8.
Qxf6 Nxf6 9. Nc3 d5 10. exd5 Nb4 11. Bd3 Nxd3+ 12. cxd3 Bf5 13. O-O Bxd3 14.
Re1 Nd7 15. f4 f6 16. fxe5 O-O 17. e6 Rfe8 18. Bf4 Nb6 19. Bc7 Nc4 20. d6 Rec8
21. Rad1 Bg6 22. d7 Nxb2 23. dxc8=Q+ Rxc8 24. Rd8+ Rxd8 25. Bxd8 Nd3 26. Re3
Ne5 27. Bc7 Nc4 28. Re1 Kf8 29. Nd5 Be8 30. Bg3 b5 31. Nc7 a5 32. Rd1 Ke7 33.
Nxe8 Kxe8 34. Rd7 b4 35. Rc7 Ne5 36. Bxe5 fxe5 37. Rxg7 a4 38. Rxh7 b3 39. axb3
axb3 40. Rb7 1-0

[Event "SR 4. liga A21 2011/2012"]
[Site "?"]
[Date "2012.02.26"]
[Round "10.6"]
[White "Bjel, Lubos"]
[Black "Pipiska, Adam"]
[Result "1-0"]
[WhiteElo "1621"]
[BlackElo "1293"]
[PlyCount "27"]
[EventDate "2011.??.??"]

1. e4 e5 2. Nf3 Nc6 3. Bc4 Nf6 4. Ng5 Bc5 5. Nxf7 Bxf2+ 6. Kxf2 Nxe4+ 7. Ke3 d5
8. Nxd8 Kxd8 9. Bxd5 Nd6 10. Bxc6 bxc6 11. Rf1 Nc4+ 12. Kf2 Ba6 13. d3 Nd6 14.
Qg4 1-0

[Event "SR 4. liga A21 2011/2012"]
[Site "?"]
[Date "2012.02.26"]
[Round "10.6"]
[White "Celustkova, Lubica"]
[Black "Smrek, Peter"]
[Result "1/2-1/2"]
[WhiteElo "1430"]
[BlackElo "1892"]
[PlyCount "98"]
[EventDate "2011.??.??"]

1. e4 e5 2. Nf3 Nc6 3. Bb5 Bc5 4. c3 d6 5. d4 exd4 6. cxd4 Bb4+ 7. Nc3 Bd7 8.
O-O a6 9. Ba4 Nf6 10. Re1 Ne7 11. Bc2 Bg4 12. a3 Ba5 13. b4 Bb6 14. Be3 a5 15.
Na4 Ba7 16. bxa5 Nc6 17. a6 b5 18. Nc3 Bxf3 19. Qxf3 Bxd4 20. Bxd4 Nxd4 21. Qd3
Nxc2 22. Qxc2 O-O 23. Nxb5 Rxa6 24. Qxc7 Qxc7 25. Nxc7 Ra4 26. e5 dxe5 27. Rxe5
Rc8 28. Nb5 Nd7 29. Rd5 Nb6 30. Rd4 Ra5 31. Nd6 Rxa3 32. Rad1 Rd8 33. Nb5 Rxd4
34. Nxd4 Ra8 35. Nf3 f6 36. g3 Kf7 37. Re1 Ra3 38. Kg2 Nc4 39. Nd4 Rd3 40. Nf5
g6 41. Ne3 Nxe3+ 42. Rxe3 Rxe3 43. fxe3 Ke6 44. Kf3 Ke5 45. e4 h5 46. h3 g5 47.
Ke3 Ke6 48. Kf3 Kd6 49. Ke2 Ke5 1/2-1/2

[Event "SR 4. liga A21 2011/2012"]
[Site "?"]
[Date "2012.02.26"]
[Round "10.6"]
[White "Krchnak, Rudolf"]
[Black "Klimes, Juraj"]
[Result "1-0"]
[WhiteElo "1878"]
[BlackElo "1521"]
[PlyCount "55"]
[EventDate "2011.??.??"]

1. d4 d5 2. Bg5 Bf5 3. e3 Nf6 4. Nc3 e6 5. Bd3 Bxd3 6. Qxd3 a6 7. Nf3 Be7 8.
O-O-O Nc6 9. a3 Qd7 10. h3 O-O-O 11. Nd2 h6 12. Bf4 Bd6 13. Bxd6 Qxd6 14. Nb3
e5 15. Qf5+ Kb8 16. dxe5 Qxe5 17. Qxe5 Nxe5 18. Rd4 Rd6 19. Rhd1 Rhd8 20. Ne2
Nc6 21. R4d3 Ne4 22. Rf1 Ne5 23. Rdd1 Nc4 24. Nf4 g5 25. Nd3 Rf6 26. Rde1 Re8
27. Nbc5 Nxf2 28. Nd7+ 1-0

[Event "SR 4. liga A21 2011/2012"]
[Site "?"]
[Date "2012.02.26"]
[Round "10.6"]
[White "Lajda, Dusan"]
[Black "Nemeckay, Rastislav"]
[Result "0-1"]
[WhiteElo "1841"]
[BlackElo "1808"]
[PlyCount "66"]
[EventDate "2011.??.??"]

1. e4 Nc6 2. d4 d5 3. e5 Bf5 4. c3 e6 5. Bd3 Bg6 6. Ne2 Nge7 7. Ng3 Qd7 8. b4
Bxd3 9. Qxd3 a5 10. b5 Na7 11. a4 c6 12. Na3 cxb5 13. axb5 b6 14. O-O Ng6 15.
Rb1 Be7 16. Ne2 O-O 17. f4 Rac8 18. f5 exf5 19. Rxf5 f6 20. exf6 Rxf6 21. Rxf6
Bxf6 22. Nc2 Qe6 23. Nf4 Nxf4 24. Bxf4 Qg4 25. Bd2 Re8 26. Ne3 Qd7 27. c4 dxc4
28. Qxc4+ Kh8 29. d5 Rc8 30. Qd3 Rc5 31. Bxa5 bxa5 32. b6 Nb5 33. Ra1 Bxa1 0-1

[Event "SR 4. liga A21 2011/2012"]
[Site "?"]
[Date "2012.02.26"]
[Round "10.6"]
[White "Ocko, Martin"]
[Black "Bjel, Tomas"]
[Result "1-0"]
[WhiteElo "1524"]
[BlackElo "1674"]
[PlyCount "97"]
[EventDate "2011.??.??"]

1. d4 e6 2. c4 d5 3. Nc3 Bb4 4. Bf4 Ne7 5. e3 O-O 6. a3 Bd6 7. Bxd6 cxd6 8.
cxd5 Nxd5 9. Nxd5 exd5 10. Bd3 Qg5 11. Qf3 Nc6 12. Ne2 Na5 13. O-O Nc4 14. Bxc4
dxc4 15. Rac1 d5 16. Nf4 Be6 17. Qg3 Qxg3 18. hxg3 b5 19. Ne2 a6 20. Nc3 Rad8
21. Rfd1 Bf5 22. Na2 Rd6 23. Rc3 Rb8 24. Rd2 Bb1 25. b3 Bxa2 26. Rxa2 cxb3 27.
Rxb3 Rc8 28. Kf1 Rdc6 29. a4 bxa4 30. Rxa4 g6 31. Rb1 Rf6 32. Rb2 Rc1+ 33. Ke2
Rg1 34. Rb8+ Kg7 35. f4 Rxg2+ 36. Kf3 Rc2 37. Rd8 Rb6 38. Rxd5 Rc3 39. Re5 h6
40. Rc5 Rd3 41. Re5 f6 42. Re4 Kf7 43. Rc4 Rd2 44. Rc7+ Kf8 45. Ree7 f5 46. Rh7
Kg8 47. Rhd7 Rf6 48. Rd8+ Rf8 49. Rd6 1-0

[Event "SR 4. liga A21 2011/2012"]
[Site "?"]
[Date "2012.03.11"]
[Round "11.1"]
[White "Nemeckay, Rastislav"]
[Black "Slaby, Jozef"]
[Result "1-0"]
[WhiteElo "1808"]
[BlackElo "1856"]
[PlyCount "77"]
[EventDate "2011.??.??"]

1. e4 e6 2. d4 d5 3. e5 c5 4. c3 Nc6 5. Nf3 Nge7 6. a3 Nf5 7. b4 cxd4 8. cxd4
Bd7 9. Bb2 Rc8 10. Nbd2 Be7 11. Bd3 g6 12. O-O a6 13. Nb3 Qb6 14. Rc1 O-O 15.
Nc5 Rc7 16. Qd2 Rfc8 17. Rc2 Bf8 18. g4 Bh6 19. g5 Bg7 20. Bxf5 exf5 21. Nxd7
Rxd7 22. Rfc1 Bf8 23. Ne1 Re8 24. Qd3 Qd8 25. Qe3 Be7 26. f4 Bf8 27. Nd3 Qb6
28. Nc5 Bxc5 29. Rxc5 Re6 30. Qb3 Ne7 31. a4 Rc6 32. b5 axb5 33. axb5 Rxc5 34.
dxc5 Qe6 35. Bd4 Kg7 36. Ra1 h5 37. Ra7 Nc8 38. c6 Rc7 39. cxb7 1-0

[Event "SR 4. liga A21 2011/2012"]
[Site "?"]
[Date "2012.03.11"]
[Round "11.1"]
[White "Ocko, Martin"]
[Black "Pripko, Bystrik"]
[Result "0-1"]
[WhiteElo "1524"]
[BlackElo "1655"]
[PlyCount "120"]
[EventDate "2011.??.??"]

1. d4 d5 2. c4 c6 3. Nc3 Nf6 4. Bg5 e6 5. e3 Be7 6. Qc2 Nbd7 7. Nf3 Nf8 8. Bd3
Ng6 9. O-O Nd7 10. Bxe7 Qxe7 11. c5 O-O 12. Bxg6 fxg6 13. Rfe1 Nf6 14. e4 Qc7
15. e5 Ng4 16. h3 Nh6 17. Ne2 Qe7 18. Ng3 Nf5 19. Nxf5 Rxf5 20. b4 a6 21. a4
Bd7 22. Reb1 Raf8 23. Rf1 Rxf3 24. gxf3 Qg5+ 25. Kh2 Rxf3 26. Rg1 Qh4 27. Rg3
Rf5 28. Qd2 g5 29. Kg2 h6 30. Rg4 Qh5 31. Ra3 Qf7 32. Rag3 Qf8 33. h4 Rf4 34.
hxg5 Rxg4 35. Rxg4 h5 36. Rf4 Qe8 37. Qd3 g6 38. Rf6 Kg7 39. Qf3 Qe7 40. a5 Be8
41. Qg3 Qd7 42. f4 Bf7 43. f5 exf5 44. Qe3 Be6 45. Kg3 Qe8 46. Qa3 Qd7 47. b5
axb5 48. a6 bxa6 49. Qxa6 Bf7 50. Qxc6 f4+ 51. Kxf4 Qg4+ 52. Ke3 Qxg5+ 53. Rf4
Qg3+ 54. Rf3 Qe1+ 55. Kd3 Qe4+ 56. Kd2 Qxf3 57. Qxb5 Qf4+ 58. Kc3 Qe3+ 59. Kb4
Qxd4+ 60. Ka5 Qxe5 0-1

[Event "SR 4. liga A21 2011/2012"]
[Site "?"]
[Date "2012.03.11"]
[Round "11.1"]
[White "Piestansky, Jan"]
[Black "Nemeckay, Dominik"]
[Result "1-0"]
[WhiteElo "1593"]
[BlackElo "1372"]
[PlyCount "63"]
[EventDate "2011.??.??"]

1. e4 e5 2. Nf3 Nc6 3. Bc4 Bc5 4. c3 Nf6 5. d3 d6 6. h3 Be6 7. Bb5 Qd7 8. O-O
a6 9. Ba4 b5 10. Bc2 O-O 11. Kh2 Nh5 12. Nxe5 dxe5 13. Qxh5 Ne7 14. Be3 Bd6 15.
Nd2 c5 16. Kg1 Rfc8 17. f4 f6 18. f5 Bf7 19. Qg4 Kh8 20. Qe2 c4 21. d4 exd4 22.
Bxd4 Bc5 23. Nf3 Bxd4+ 24. Nxd4 Nc6 25. Rad1 Nxd4 26. Rxd4 Qa7 27. Kh1 Re8 28.
Rfd1 Qc7 29. Rd7 Qc6 30. Rxf7 Red8 31. Qg4 Rg8 32. Rdd7 1-0

[Event "SR 4. liga A21 2011/2012"]
[Site "?"]
[Date "2012.03.11"]
[Round "11.1"]
[White "Pipiska, Adam"]
[Black "Piestansky, Dusan"]
[Result "1-0"]
[WhiteElo "1299"]
[BlackElo "1444"]
[PlyCount "35"]
[EventDate "2011.??.??"]

1. e4 e5 2. Nf3 Nc6 3. d4 exd4 4. Nxd4 Qe7 5. Nc3 Nf6 6. f3 d5 7. Bb5 Bd7 8.
O-O dxe4 9. Re1 Qc5 10. Nxe4 Nxe4 11. Rxe4+ Be7 12. b4 Qb6 13. Be3 Nxd4 14.
Bxd7+ Kxd7 15. Bxd4 Qd6 16. Rxe7+ Kc8 17. Bc5 Qf6 18. Qd7+ 1-0

[Event "SR 4. liga A21 2011/2012"]
[Site "?"]
[Date "2012.03.11"]
[Round "11.1"]
[White "Vagovic, Milan"]
[Black "Celustkova, Lubica"]
[Result "1/2-1/2"]
[WhiteElo "1697"]
[BlackElo "1430"]
[PlyCount "90"]
[EventDate "2011.??.??"]

1. d4 Nf6 2. c4 d6 3. Nf3 g6 4. e3 Bg7 5. Bd3 O-O 6. Nc3 Nbd7 7. O-O e5 8. dxe5
dxe5 9. e4 Re8 10. Re1 Nc5 11. Bc2 Bg4 12. Bg5 c6 13. Qe2 Qc7 14. a3 Rad8 15.
h3 Bxf3 16. Qxf3 Qe7 17. Rad1 Ne6 18. Be3 Nd4 19. Bxd4 exd4 20. Ne2 Qe5 21. Ng3
c5 22. b4 b6 23. Ba4 Re7 24. Bc6 Qc7 25. b5 Nd7 26. Bd5 Be5 27. Nf1 Nf6 28. g4
Nxd5 29. exd5 Rde8 30. Kg2 Bf4 31. Rxe7 Rxe7 32. h4 f6 33. Ng3 Bxg3 34. Qxg3
Qe5 35. Qf3 Qe4 36. Qxe4 Rxe4 37. Kf3 Re5 38. Rd2 h6 39. Re2 Rxe2 40. Kxe2 Kf7
41. f4 g5 42. hxg5 hxg5 43. f5 Ke7 44. a4 Kd6 45. Kd2 Ke5 1/2-1/2